[Event "Lichtenrader Herbst"]
[Site "Berlin"]
[Date "2009.10.18"]
[Round "2.10"]
[White "Grassi, Fabrizio"]
[Black "Gunajew, Rafal"]
[Result "0-1"]
[WhiteElo "1974"]
[BlackElo "2261"]
[PlyCount "54"]
[EventDate "2009.??.??"]

1. d4 d5 2. Bf4 c6 3. e3 Qb6 4. Qc1 Bf5 5. Nf3 Nf6 6. h3 e6 7. Be2 Nbd7 8. O-O
Be7 9. Nbd2 Qd8 10. c4 Ne4 11. cxd5 exd5 12. Qd1 g5 13. Bh2 h5 14. Nxe4 dxe4
15. Ne5 g4 16. hxg4 hxg4 17. Bxg4 Bxg4 18. Qxg4 Nf6 19. Qg7 Rh7 20. Qg5 Qd5 21.
Qf4 Qe6 22. f3 exf3 23. Rxf3 Nd5 24. Qg3 O-O-O 25. Nxf7 Rxf7 26. Rxf7 Qxf7 27.
Qb8+ Kd7 0-1

[Event "Lichtenrader Herbst"]
[Site "Berlin"]
[Date "2009.10.18"]
[Round "2.11"]
[White "Lueders, Gerhard"]
[Black "Koenig, Frank"]
[Result "1-0"]
[WhiteElo "2259"]
[BlackElo "1971"]
[PlyCount "93"]
[EventDate "2009.??.??"]

1. b3 Nf6 2. Bb2 d6 3. g3 g6 4. Bg2 Bg7 5. Nf3 O-O 6. O-O e5 7. c4 Nc6 8. a3
Rb8 9. Nc3 Re8 10. d4 exd4 11. Nb5 d3 12. exd3 Bg4 13. Qc2 a6 14. Nbd4 Nxd4 15.
Bxd4 Qd7 16. Qc3 Nh5 17. Ng5 Bxd4 18. Qxd4 Qf5 19. h4 Qd7 20. Rfe1 c5 21. Qc3
h6 22. Ne4 Bf5 23. Nd2 b6 24. Nf1 Bh3 25. Ne3 Be6 26. d4 Qd8 27. Bc6 Rf8 28. d5
Bc8 29. b4 Qf6 30. Qxf6 Nxf6 31. bxc5 bxc5 32. Rab1 Bg4 33. Kg2 Bf5 34. Nxf5
gxf5 35. f3 Kg7 36. a4 Rb4 37. Rxb4 cxb4 38. a5 Rb8 39. Rb1 Ng8 40. Rb3 Kf6 41.
Kf2 Ke5 42. Ke3 Ne7 43. f4+ Kf6 44. Kd4 h5 45. c5 Nc8 46. Kc4 dxc5 47. Kxc5 1-0

[Event "Lichtenrader Herbst"]
[Site "Berlin"]
[Date "2009.10.18"]
[Round "2.12"]
[White "Triebus, Bruno"]
[Black "Marcziter, Dmitrii"]
[Result "0-1"]
[WhiteElo "1960"]
[BlackElo "2257"]
[PlyCount "84"]
[EventDate "2009.??.??"]

1. e4 c5 2. Nf3 a6 3. d4 cxd4 4. Nxd4 e6 5. Nc3 Qc7 6. a3 Nf6 7. Be3 Be7 8. f3
d6 9. Qd2 h5 10. Be2 b5 11. O-O-O Bb7 12. g3 Nbd7 13. Kb1 O-O 14. h3 d5 15.
exd5 Nxd5 16. Nxd5 Bxd5 17. Bf4 Qb7 18. Nf5 Bf6 19. Ne3 Nb6 20. Nxd5 Nxd5 21.
Bd3 b4 22. axb4 Nxb4 23. Be4 Qb5 24. c3 Rad8 25. Qc1 Nd3 26. Qc2 Nxf4 27. gxf4
Rc8 28. Kc1 Qa5 29. Kd2 Qc7 30. Ke3 Be7 31. Ke2 Qxf4 32. Qd2 Qb8 33. Qc2 f5 34.
Bd3 Rc5 35. Kf1 Qf4 36. Qg2 Re5 37. Rg1 Rf7 38. Be2 Rd5 39. Bd3 Bc5 40. Rh1
Rfd7 41. Qe2 Re5 42. Qg2 Rxd3 0-1

[Event "Lichtenrader Herbst"]
[Site "Berlin"]
[Date "2009.10.18"]
[Round "2.13"]
[White "Boewer, Roland"]
[Black "Bergmann, Jens"]
[Result "1-0"]
[WhiteElo "2246"]
[BlackElo "1955"]
[PlyCount "53"]
[EventDate "2009.??.??"]

1. Nf3 d5 2. g3 g6 3. Bg2 Bg7 4. O-O Nf6 5. d3 O-O 6. Nbd2 c6 7. e4 dxe4 8.
Nxe4 Nxe4 9. dxe4 h6 10. c3 Qxd1 11. Rxd1 e5 12. Be3 Be6 13. Nd2 Nd7 14. Nc4
Rfd8 15. Nd6 b6 16. f4 Nf6 17. f5 gxf5 18. Nxf5 Kf8 19. Nxh6 Rxd1+ 20. Rxd1
Bxa2 21. Nf5 Bb3 22. Rd2 Ng4 23. Bg5 Rc8 24. Bh3 Nf6 25. Nxg7 Kxg7 26. Bxf6+
Kxf6 27. Bxc8 1-0

[Event "Lichtenrader Herbst"]
[Site "Berlin"]
[Date "2009.10.18"]
[Round "2.14"]
[White "Rosenblatt, Marcus"]
[Black "Meissner, Hans-Juergen"]
[Result "0-1"]
[WhiteElo "1959"]
[BlackElo "2241"]
[PlyCount "66"]
[EventDate "2009.??.??"]

1. e4 c5 2. Nf3 d6 3. d4 cxd4 4. Nxd4 Nf6 5. Nc3 a6 6. Bc4 e6 7. Bb3 Nbd7 8.
Qe2 Nc5 9. g4 b5 10. g5 b4 11. gxf6 bxc3 12. fxg7 Bxg7 13. bxc3 Bb7 14. Rg1 Bf6
15. Bd2 Qc7 16. O-O-O O-O-O 17. f3 Kb8 18. Bg5 Bxg5+ 19. Rxg5 Rhg8 20. Qg2 Rg6
21. Rxg6 hxg6 22. c4 Qe7 23. Qd2 Rh8 24. Qb4 Qc7 25. Rd2 e5 26. Ne2 Rxh2 27.
Nc3 Rxd2 28. Kxd2 Ka7 29. a4 Qb6 30. Na2 Qxb4+ 31. Nxb4 Kb6 32. Nd3 Ka5 33. Nf2
f5 0-1

[Event "Lichtenrader Herbst"]
[Site "Berlin"]
[Date "2009.10.18"]
[Round "2.15"]
[White "Kollberg, Lothar"]
[Black "Koerner, Helmut"]
[Result "1-0"]
[WhiteElo "2232"]
[BlackElo "1951"]
[PlyCount "47"]
[EventDate "2009.??.??"]

1. d4 Nf6 2. c4 d6 3. Nc3 c6 4. e4 e5 5. Nf3 Nbd7 6. g3 Be7 7. Bg2 O-O 8. O-O
Qc7 9. a3 Re8 10. Be3 Nf8 11. Qc2 h6 12. Rfd1 g5 13. Ne1 Ng6 14. Rac1 Kg7 15.
Qe2 Bd7 16. c5 dxc5 17. dxe5 Qxe5 18. Nd3 Qc7 19. Nxc5 b6 20. Nb5 Qc8 21. Nxd7
Nxd7 22. Nd4 c5 23. Nf5+ Kh7 24. Qh5 1-0

[Event "Lichtenrader Herbst"]
[Site "Berlin"]
[Date "2009.10.18"]
[Round "2.16"]
[White "Davydov, Ruven"]
[Black "Glantz, Robert"]
[Result "1-0"]
[WhiteElo "1954"]
[BlackElo "2228"]
[PlyCount "75"]
[EventDate "2009.??.??"]

1. e4 c5 2. Nf3 d6 3. d4 cxd4 4. Nxd4 Nf6 5. Nc3 a6 6. Bg5 e6 7. f4 Qc7 8. Bxf6
gxf6 9. Qf3 b5 10. Bd3 b4 11. Nce2 Bb7 12. Qh5 Qc5 13. f5 Ke7 14. O-O-O e5 15.
Nb3 Qe3+ 16. Nd2 Bh6 17. Kb1 Qg5 18. Qf3 Nd7 19. Nc4 Nc5 20. h4 Qg7 21. g4 Rhe8
22. Ng3 Qh8 23. Nb6 Rab8 24. Bc4 Bf4 25. Nd5+ Bxd5 26. Bxd5 Bxg3 27. Qxg3 a5
28. g5 Qg7 29. Rhg1 Rh8 30. Qe3 a4 31. h5 Rhf8 32. h6 Qh8 33. Bxf7 Rxf7 34. g6
b3 35. cxb3 axb3 36. axb3 Qc8 37. gxf7 Kxf7 38. Rxd6 1-0

[Event "Lichtenrader Herbst"]
[Site "Berlin"]
[Date "2009.10.18"]
[Round "2.17"]
[White "Stachanczyk, Jacek"]
[Black "Pesola, Jyrki"]
[Result "1-0"]
[WhiteElo "2212"]
[BlackElo "1946"]
[PlyCount "65"]
[EventDate "2009.??.??"]

1. e4 c5 2. Nf3 Nf6 3. Nc3 d5 4. exd5 Nxd5 5. Bb5+ Bd7 6. Ne5 Nf6 7. Qf3 Qc7 8.
Nxd7 Nbxd7 9. d3 a6 10. Bf4 e5 11. Bxd7+ Nxd7 12. Bg3 Bd6 13. O-O O-O 14. a4
Rac8 15. Rfe1 Rfe8 16. Nd5 Qc6 17. Qe4 Re6 18. b3 Rce8 19. a5 Bb8 20. Qc4 Rd6
21. Ne3 Rd4 22. Qc3 g6 23. Nc4 f5 24. f3 Rd5 25. Re2 Qf6 26. Rae1 Kf7 27. Qb2
Rd4 28. b4 cxb4 29. Qxb4 Qc6 30. Qb3 Kf6 31. Rb1 Nc5 32. Qa3 Rd5 33. Rb6 1-0

[Event "Lichtenrader Herbst"]
[Site "Berlin"]
[Date "2009.10.18"]
[Round "2.18"]
[White "Kropman, Alexei"]
[Black "Behrmann, Joachim"]
[Result "1/2-1/2"]
[WhiteElo "1947"]
[BlackElo "2203"]
[PlyCount "38"]
[EventDate "2009.??.??"]

1. e4 e5 2. Nf3 Nc6 3. Bc4 Bc5 4. c3 Nf6 5. d3 a6 6. O-O d6 7. Bb3 O-O 8. h3
Ba7 9. Re1 Be6 10. Nbd2 Bxb3 11. Qxb3 Qd7 12. Nf1 h6 13. Ng3 Rfe8 14. Nh4 d5
15. Nhf5 dxe4 16. dxe4 Na5 17. Qd1 Qxd1 18. Rxd1 Rad8 19. Be3 Nc6 1/2-1/2

[Event "Lichtenrader Herbst"]
[Site "Berlin"]
[Date "2009.10.18"]
[Round "2.19"]
[White "Escobar, Guido Jose"]
[Black "Pueschel, Werner"]
[Result "0-1"]
[WhiteElo "1945"]
[BlackElo "2164"]
[PlyCount "96"]
[EventDate "2009.??.??"]

1. e4 a6 2. Nf3 g6 3. d4 Bg7 4. Bd3 d6 5. h3 Nf6 6. Bg5 c6 7. c3 Nbd7 8. Qc2 e5
9. O-O Qc7 10. dxe5 dxe5 11. b4 O-O 12. Nbd2 Re8 13. a4 a5 14. Nc4 b6 15. Nfd2
Ba6 16. f4 h6 17. Bxf6 Bxf6 18. f5 g5 19. Kh1 Be7 20. bxa5 bxa5 21. Nb3 Red8
22. Be2 Bxc4 23. Bxc4 Nf6 24. Nd2 Qd6 25. Rfd1 Qc5 26. Qa2 Rf8 27. Rab1 Rad8
28. Rbc1 g4 29. Rg1 Qe3 30. Nb3 Nxe4 31. Rc2 Ng3+ 32. Kh2 Qf4 33. Ra1 Nxf5+ 34.
Kh1 Qxc4 35. hxg4 Ne3 36. Re2 Nxg4 37. Nxa5 Qxa2 38. Rexa2 Rd6 39. Re2 e4 40.
Kg1 f5 41. Nc4 Rd3 42. a5 Rxc3 43. Nb6 Bc5+ 44. Kf1 Bxb6 45. axb6 Rb3 46. b7
Rxb7 47. Rc1 Ne5 48. Rc5 Rb1+ 0-1

[Event "Lichtenrader Herbst"]
[Site "Berlin"]
[Date "2009.10.18"]
[Round "2.20"]
[White "Suder, Ryszard"]
[Black "Lang, Martin"]
[Result "1-0"]
[WhiteElo "2163"]
[BlackElo "1944"]
[PlyCount "45"]
[EventDate "2009.??.??"]

1. Nf3 d5 2. b3 Bf5 3. Bb2 e6 4. d3 Nf6 5. g3 c6 6. Bg2 Bc5 7. O-O O-O 8. Nbd2
Nbd7 9. Qe1 Qc7 10. e4 dxe4 11. dxe4 Bg4 12. e5 Nd5 13. Ne4 Bb4 14. Qd1 Bxf3
15. Qxf3 Nxe5 16. Qh5 Ng6 17. Ng5 h6 18. Nxe6 fxe6 19. Qxg6 e5 20. Qe6+ Qf7 21.
Qxf7+ Rxf7 22. Bxe5 Bc3 23. Bxd5 1-0

[Event "Lichtenrader Herbst"]
[Site "Berlin"]
[Date "2009.10.17"]
[Round "2.39"]
[White "Dukaczewski, Piotr"]
[Black "Schulz, Anja"]
[Result "1-0"]
[WhiteElo "2285"]
[BlackElo "1979"]
[PlyCount "92"]
[EventDate "2009.??.??"]

1. e4 c5 2. Nf3 d6 3. d4 cxd4 4. Nxd4 Nf6 5. Nc3 a6 6. Be3 e5 7. Nb3 Be6 8. f3
Be7 9. Qd2 O-O 10. O-O-O Nbd7 11. g4 b5 12. g5 b4 13. Ne2 Ne8 14. Kb1 a5 15.
Ng3 a4 16. Nc1 Nc7 17. f4 Bg4 18. Be2 Bxe2 19. Ncxe2 Nc5 20. fxe5 dxe5 21. Qxb4
N5e6 22. Rxd8 Bxb4 23. Rxa8 Rxa8 24. Rd1 a3 25. c3 Bf8 26. b4 g6 27. Kc2 Be7
28. h4 Kf8 29. Kb3 Ke8 30. Bc1 f6 31. gxf6 Bxf6 32. h5 Nb5 33. hxg6 hxg6 34.
Nf1 g5 35. Ne3 Nf4 36. Ng3 Kf7 37. Nc4 Rh8 38. Nxa3 Nxc3 39. Kxc3 Rh3 40. Kc4
Rxg3 41. b5 Rh3 42. b6 Rh8 43. Kb5 Ne6 44. Be3 Nd4+ 45. Bxd4 exd4 46. Nc4 Ke6
1-0

[Event "Lichtenrader Herbst"]
[Site "Berlin"]
[Date "2009.10.19"]
[Round "3.1"]
[White "Graf, Alexander"]
[Black "Suder, Ryszard"]
[Result "0-1"]
[WhiteElo "2596"]
[BlackElo "2163"]
[PlyCount "80"]
[EventDate "2009.??.??"]

1. Nf3 Nf6 2. c4 g6 3. Nc3 d5 4. cxd5 Nxd5 5. g3 Bg7 6. Bg2 O-O 7. O-O c5 8. d4
Nxc3 9. bxc3 Nc6 10. e3 cxd4 11. cxd4 Be6 12. Qe2 Bd5 13. Rd1 f5 14. Rb1 b6 15.
Ne1 Rc8 16. Ba3 Re8 17. f3 Na5 18. Nd3 Qd7 19. Bb4 Qa4 20. a3 Rc2 21. Qe1 Nc4
22. Nf4 Bf7 23. e4 a5 24. e5 g5 25. e6 gxf4 26. exf7+ Kxf7 27. Bh3 axb4 28.
Bxf5 Ne3 29. Bxc2 Qxc2 30. Rd2 Bxd4 31. Kh1 Qc6 32. Qe2 e5 33. axb4 Rc8 34.
gxf4 Rg8 35. b5 Qb7 36. Rc1 Rg2 37. Qd3 Qxf3 38. Qb3+ Kg7 39. Rc7+ Kh6 40. Rc6+
Rg6+ 0-1

[Event "Lichtenrader Herbst"]
[Site "Berlin"]
[Date "2009.10.19"]
[Round "3.2"]
[White "Pueschel, Werner"]
[Black "Kalinitschew, Sergey"]
[Result "0-1"]
[WhiteElo "2164"]
[BlackElo "2483"]
[PlyCount "34"]
[EventDate "2009.??.??"]

1. Nf3 c5 2. g3 Nc6 3. Bg2 g6 4. c4 Bg7 5. Nc3 d6 6. O-O Bd7 7. e3 Nf6 8. d4
O-O 9. d5 Na5 10. Qe2 a6 11. Bd2 b5 12. b3 b4 13. Na4 Bxa4 14. bxa4 Ne4 15.
Rac1 Qe8 16. Qd1 Nc3 17. Bxc3 bxc3 0-1

[Event "Lichtenrader Herbst"]
[Site "Berlin"]
[Date "2009.10.19"]
[Round "3.3"]
[White "Meister, Jakob"]
[Black "Niehaus, Frank"]
[Result "1-0"]
[WhiteElo "2480"]
[BlackElo "2152"]
[PlyCount "53"]
[EventDate "2009.??.??"]

1. e4 c5 2. Nf3 d6 3. Bb5+ Bd7 4. Bxd7+ Qxd7 5. O-O Nf6 6. e5 dxe5 7. Nxe5 Qd6
8. Re1 Nc6 9. Nxc6 Qxc6 10. d3 e6 11. Bg5 O-O-O 12. Nd2 Rd5 13. Bf4 Rf5 14. Be5
h5 15. h3 Nd7 16. Bh2 g5 17. Nc4 Rg8 18. Qe2 Be7 19. Qe4 Rd5 20. Ne3 Nf6 21.
Nxd5 Qxd5 22. Qxd5 Nxd5 23. a3 g4 24. hxg4 Rxg4 25. Rad1 Nf6 26. Re3 h4 27. Rf3
1-0

[Event "Lichtenrader Herbst"]
[Site "Berlin"]
[Date "2009.10.19"]
[Round "3.4"]
[White "Cusnariov, Nicolai"]
[Black "Orzech, Dominik"]
[Result "1/2-1/2"]
[WhiteElo "2156"]
[BlackElo "2435"]
[PlyCount "113"]
[EventDate "2009.??.??"]

1. e4 c5 2. Nf3 Nf6 3. d3 Nc6 4. Be2 g6 5. O-O Bg7 6. c3 O-O 7. Nbd2 Qc7 8. Qc2
d5 9. Re1 b6 10. Bf1 e5 11. b4 Bb7 12. bxc5 bxc5 13. Rb1 Rfd8 14. Ba3 c4 15.
exd5 cxd3 16. Rxb7 Qxb7 17. dxc6 Qa6 18. Qb3 e4 19. c7 Rdc8 20. Nxe4 Nxe4 21.
Rxe4 Rxc7 22. c4 Rd8 23. Bxd3 Rb7 24. Bb4 Qc6 25. Re3 f5 26. c5+ Kh8 27. Ng5 a5
28. Rh3 h6 29. Nf7+ Rxf7 30. Qxf7 axb4 31. Rg3 Qf6 32. Qxf6 Bxf6 33. Bf1 Rd2
34. Rd3 Rxa2 35. c6 Rc2 36. Rb3 Bd4 37. h3 Bxf2+ 38. Kh2 Bc5 39. Bb5 f4 40. h4
Bd6 41. Rd3 Be5 42. Rd5 Bc7 43. Rd7 b3 44. Ba4 Be5 45. Re7 Bf6 46. Rf7 Be5 47.
Re7 f3+ 48. Rxe5 f2 49. Bxb3 f1=Q 50. Re8+ Kg7 51. Bxc2 Qf4+ 52. Kh3 g5 53.
hxg5 hxg5 54. Re4 Qd6 55. Rg4 Kh6 56. Be4 Qe5 57. Bf3 1/2-1/2

[Event "Lichtenrader Herbst"]
[Site "Berlin"]
[Date "2009.10.19"]
[Round "3.5"]
[White "Welz, Peter"]
[Black "Brener, Ilja"]
[Result "1-0"]
[WhiteElo "2100"]
[BlackElo "2409"]
[PlyCount "71"]
[EventDate "2009.??.??"]

1. e4 c5 2. c3 d5 3. exd5 Qxd5 4. d4 e6 5. Nf3 Nf6 6. Be2 Be7 7. O-O O-O 8.
dxc5 Bxc5 9. Qxd5 Nxd5 10. c4 Nb4 11. Nc3 N8c6 12. Bf4 Nc2 13. Rad1 N2d4 14.
Nxd4 Bxd4 15. Nb5 e5 16. Bc1 Bb6 17. Be3 Bxe3 18. fxe3 Rb8 19. Rd2 f5 20. g3 a6
21. Nc3 e4 22. Rfd1 Be6 23. Rd6 Bf7 24. Na4 Rfd8 25. Nc5 Rxd6 26. Rxd6 Be8 27.
g4 g6 28. gxf5 gxf5 29. b3 Nb4 30. a4 Bc6 31. Bh5 Rc8 32. Ne6 Nd3 33. h4 Ne1
34. Nd4 Be8 35. Nxf5 Kf8 36. Rf6+ 1-0

[Event "Lichtenrader Herbst"]
[Site "Berlin"]
[Date "2009.10.19"]
[Round "3.6"]
[White "Radovanovic, Jovica"]
[Black "Hahlbohm, Matthias"]
[Result "1-0"]
[WhiteElo "2360"]
[BlackElo "2090"]
[PlyCount "100"]
[EventDate "2009.??.??"]

1. e4 c5 2. Nf3 d6 3. Bb5+ Nc6 4. O-O a6 5. Bxc6+ bxc6 6. Re1 e5 7. c3 Bg4 8.
d4 Qc7 9. dxe5 dxe5 10. Be3 Nf6 11. Nbd2 Be7 12. h3 Bh5 13. Qa4 O-O 14. Nh4 Bg6
15. Nxg6 hxg6 16. Rad1 Rfd8 17. Qc4 Nd7 18. Nb3 Nb6 19. Qe2 Na4 20. Rxd8+ Qxd8
21. Rd1 Qc7 22. Rd2 a5 23. Kh2 Ra7 24. Rc2 Qc8 25. Nd2 Nb6 26. Nc4 Nd7 27. a4
Qb8 28. Rd2 Nf6 29. Qf3 Qc7 30. Kg1 Rb7 31. Rd1 Kf8 32. g3 Ne8 33. Qe2 f6 34.
h4 Kf7 35. Kg2 Rb8 36. h5 g5 37. h6 Kg8 38. Qg4 Bf8 39. Qe6+ Kh7 40. hxg7 Nxg7
41. Rd7 Qc8 42. Qf7 Qe8 43. Qxe8 Rxe8 44. Ra7 Kg6 45. Rxa5 Ne6 46. Ra6 Rc8 47.
Kf3 Rc7 48. Rb6 Kh5 49. g4+ Kg6 50. a5 Kf7 1-0

[Event "Lichtenrader Herbst"]
[Site "Berlin"]
[Date "2009.10.19"]
[Round "3.7"]
[White "Dauth, Benjamin"]
[Black "Burger, Heinrich"]
[Result "1-0"]
[WhiteElo "2297"]
[BlackElo "2069"]
[PlyCount "133"]
[EventDate "2009.??.??"]

1. e4 c5 2. c3 d5 3. exd5 Qxd5 4. d4 g6 5. Nf3 Bg7 6. Be3 cxd4 7. cxd4 Nf6 8.
Nc3 Qa5 9. Qd2 O-O 10. Bh6 Nc6 11. Bxg7 Kxg7 12. h4 h5 13. Bb5 Ne4 14. Nxe4
Qxb5 15. Nc3 Qc4 16. b3 Qe6+ 17. Kf1 Rd8 18. Re1 Qf6 19. d5 Bf5 20. Ne4 Bxe4
21. Rxe4 e6 22. Rf4 Rxd5 23. Rxf6 Rxd2 24. Rxf7+ Kxf7 25. Nxd2 Nd4 26. Rh3 Rc8
27. Nc4 Kf6 28. Rd3 Nf5 29. g3 b5 30. Nd2 Rc1+ 31. Ke2 Ra1 32. Rd7 Rxa2 33. Kd3
e5 34. Ne4+ Ke6 35. Rd8 Ke7 36. Rd5 Ke6 37. Rxb5 Nd4 38. Rb8 Nc6 39. Rb7 Ra1
40. Rg7 Ne7 41. Ng5+ Kd6 42. Rf7 Rd1+ 43. Ke2 Rb1 44. Ne4+ Ke6 45. Rf6+ Kd7 46.
Nd2 Rb2 47. Ra6 Nc6 48. Kd1 Kc7 49. Ra4 Nd4 50. Rxa7+ Kc6 51. Kc1 Rc2+ 52. Kd1
Rb2 53. Ra8 Nxb3 54. Nxb3 Rxb3 55. Rg8 Kd5 56. Rxg6 Ke4 57. Ke2 Rb2+ 58. Kf1
Kf3 59. Rf6+ Kg4 60. Kg2 Ra2 61. Rf7 Rb2 62. Rf3 Ra2 63. Rf8 Rb2 64. Rg8+ Kf5
65. Rg5+ Kf6 66. Rxh5 e4 67. Kf1 1-0

[Event "Lichtenrader Herbst"]
[Site "Berlin"]
[Date "2009.10.19"]
[Round "3.8"]
[White "Gunajew, Rafal"]
[Black "Muskewitz, Bernd"]
[Result "1-0"]
[WhiteElo "2261"]
[BlackElo "2013"]
[PlyCount "49"]
[EventDate "2009.??.??"]

1. e4 c5 2. Nf3 e6 3. d4 cxd4 4. Nxd4 a6 5. Bd3 Qc7 6. c4 Nc6 7. Nxc6 bxc6 8.
Nc3 Nf6 9. O-O Be7 10. f4 d6 11. Qe1 e5 12. f5 Rb8 13. Kh1 O-O 14. b3 Bb7 15.
Rf3 d5 16. Rh3 Bb4 17. Bd2 d4 18. Ne2 Bxd2 19. Qxd2 c5 20. Ng3 Bc6 21. Qg5 Qb7
22. Nh5 Nxh5 23. Qxh5 h6 24. f6 Rfe8 25. Rg3 1-0

[Event "Lichtenrader Herbst"]
[Site "Berlin"]
[Date "2009.10.19"]
[Round "3.9"]
[White "Ziese, Gerhard"]
[Black "Lueders, Gerhard"]
[Result "0-1"]
[WhiteElo "2033"]
[BlackElo "2259"]
[PlyCount "50"]
[EventDate "2009.??.??"]

1. e4 c5 2. Nf3 d6 3. d4 cxd4 4. Nxd4 Nf6 5. Nc3 a6 6. Bg5 e6 7. f4 h6 8. Bh4
Be7 9. Qf3 Nbd7 10. O-O-O g5 11. fxg5 hxg5 12. Bg3 Qc7 13. Bd3 Ne5 14. Qe2 Bd7
15. Rhf1 Nh5 16. Kb1 Nxg3 17. hxg3 g4 18. Nb3 O-O-O 19. Nd2 f6 20. Nc4 Kb8 21.
Nxe5 dxe5 22. Bc4 b5 23. Bb3 b4 24. Na4 Bb5 25. Qxg4 Qc6 0-1

[Event "Lichtenrader Herbst"]
[Site "Berlin"]
[Date "2009.10.19"]
[Round "3.10"]
[White "Marcziter, Dmitrii"]
[Black "Davydov, Ruven"]
[Result "1-0"]
[WhiteElo "2257"]
[BlackElo "1954"]
[PlyCount "63"]
[EventDate "2009.??.??"]

1. d4 Nf6 2. Nf3 e6 3. c4 b6 4. a3 Bb7 5. Nc3 d5 6. cxd5 Nxd5 7. Qc2 Nxc3 8.
bxc3 Nd7 9. e4 c5 10. Bd3 Rc8 11. Qe2 Bd6 12. O-O h6 13. Rd1 Qe7 14. a4 cxd4
15. cxd4 O-O 16. e5 Bb4 17. Be4 Bxe4 18. Qxe4 Rfd8 19. Be3 Nf8 20. h4 Bc3 21.
Rab1 Qd7 22. Qg4 Kh8 23. Rd3 Qxa4 24. Qh5 Qc2 25. Rbd1 Nh7 26. Qxf7 Qa2 27. h5
Rf8 28. Qg6 b5 29. d5 exd5 30. Rxd5 b4 31. Nh4 b3 32. Qe6 1-0

[Event "Lichtenrader Herbst"]
[Site "Berlin"]
[Date "2009.10.19"]
[Round "3.11"]
[White "Schueler, Wolfgang"]
[Black "Boewer, Roland"]
[Result "0-1"]
[WhiteElo "2014"]
[BlackElo "2246"]
[PlyCount "56"]
[EventDate "2009.??.??"]

1. e4 c5 2. g3 g6 3. Bg2 Bg7 4. d3 Nc6 5. c3 e6 6. Ne2 Nge7 7. O-O d5 8. Nd2
O-O 9. Nb3 dxe4 10. dxe4 b6 11. Qc2 Ba6 12. Rd1 Qc7 13. Bf4 e5 14. Be3 Rad8 15.
Rxd8 Rxd8 16. Rd1 Rd6 17. Nec1 Qd7 18. Rxd6 Qxd6 19. Qd2 Nc8 20. Qxd6 Nxd6 21.
Nd2 Bf8 22. f4 Bg7 23. Kf2 Na5 24. Ne2 Nac4 25. Nxc4 Bxc4 26. Nc1 Be6 27. fxe5
Nc4 28. b3 Nxe3 0-1

[Event "Lichtenrader Herbst"]
[Site "Berlin"]
[Date "2009.10.19"]
[Round "3.12"]
[White "Meissner, Hans-Juergen"]
[Black "Mueller, Tobias"]
[Result "1-0"]
[WhiteElo "2241"]
[BlackElo "1922"]
[PlyCount "49"]
[EventDate "2009.??.??"]

1. d4 d5 2. c4 e6 3. Nc3 Nf6 4. Bg5 Be7 5. e3 O-O 6. Rc1 c6 7. Nf3 Nbd7 8. Bd3
b6 9. cxd5 exd5 10. O-O Bb7 11. Bf5 Re8 12. Qc2 h6 13. Bf4 Nh5 14. Ne5 Nxe5 15.
Bxe5 Bf6 16. f4 Be7 17. g4 Nf6 18. g5 hxg5 19. fxg5 Nd7 20. Bh7+ Kh8 21. Bxg7+
Kxg7 22. Rxf7+ Kh8 23. Qg6 Bf6 24. Qh5 Nf8 25. Rxf8+ 1-0

[Event "Lichtenrader Herbst"]
[Site "Berlin"]
[Date "2009.10.19"]
[Round "3.13"]
[White "Galkin, Wladislaw"]
[Black "Kollberg, Lothar"]
[Result "0-1"]
[WhiteElo "1909"]
[BlackElo "2232"]
[PlyCount "64"]
[EventDate "2009.??.??"]

1. d4 Nf6 2. c4 d6 3. Nc3 Nbd7 4. e4 e5 5. d5 Nc5 6. f3 a5 7. Be3 Bd7 8. Nge2
c6 9. Nc1 cxd5 10. cxd5 b6 11. Nd3 Be7 12. Nxc5 bxc5 13. Bc4 O-O 14. O-O Ne8
15. Qc2 Bg5 16. Bf2 Rb8 17. Kh1 g6 18. g3 f5 19. f4 Bf6 20. fxe5 Bxe5 21. Be3
Nf6 22. Bf4 Bxf4 23. Rxf4 Nxe4 24. Nxe4 fxe4 25. Raf1 Rxf4 26. Rxf4 e3 27. Qe2
Qe7 28. Bd3 Qe5 29. Qf3 Re8 30. Re4 Qxb2 31. Rxe8+ Bxe8 32. Qxe3 Qa1+ 0-1

[Event "Lichtenrader Herbst"]
[Site "Berlin"]
[Date "2009.10.19"]
[Round "3.14"]
[White "Idaczek, Guenter"]
[Black "Stachanczyk, Jacek"]
[Result "0-1"]
[WhiteElo "1874"]
[BlackElo "2212"]
[PlyCount "60"]
[EventDate "2009.??.??"]

1. e4 c5 2. Nf3 d6 3. d3 g6 4. g3 Bg7 5. Bg2 Nc6 6. O-O e5 7. c3 Nge7 8. Nbd2
O-O 9. a4 h6 10. Nc4 f5 11. exf5 Bxf5 12. Ne3 Be6 13. h4 Qd7 14. Kh2 d5 15. Nc2
b6 16. Ng1 Rae8 17. f4 d4 18. c4 exf4 19. Bxf4 Ne5 20. Qd2 Ng4+ 21. Kh1 Nf5 22.
Rf3 Be5 23. Ne2 g5 24. hxg5 hxg5 25. Bxg5 Qh7+ 26. Kg1 Qh2+ 27. Kf1 Nfe3+ 28.
Ke1 Rxf3 29. Nxe3 Rxe3 30. Qxe3 dxe3 0-1

[Event "Lichtenrader Herbst"]
[Site "Berlin"]
[Date "2009.10.19"]
[Round "3.15"]
[White "Batyrov, Sapar"]
[Black "Zesewitz, Martin"]
[Result "1-0"]
[WhiteElo "2421"]
[BlackElo "1893"]
[PlyCount "99"]
[EventDate "2009.??.??"]

1. d4 f5 2. c4 Nf6 3. g3 e6 4. Bg2 d5 5. Nf3 c6 6. O-O Be7 7. b3 O-O 8. Ba3 Ne4
9. Ne5 Nd7 10. Nd3 Ndf6 11. f3 Nd6 12. Nd2 Nf7 13. Bb2 Qc7 14. e4 Bd7 15. Qe2
Bc8 16. Rae1 Re8 17. a3 Kf8 18. Kh1 b6 19. Qf2 Bb7 20. Nf4 Nd8 21. Rc1 dxc4 22.
bxc4 c5 23. d5 Bd6 24. Nd3 fxe4 25. fxe4 e5 26. g4 Nf7 27. Qh4 h6 28. Qg3 Bc8
29. h3 Kg8 30. Rf2 Qe7 31. Rcf1 Bd7 32. h4 Rf8 33. Bf3 Nh7 34. Be2 Rae8 35. Nf3
Nf6 36. Nd2 Nh7 37. Rg1 a6 38. g5 hxg5 39. Rfg2 g4 40. Bxg4 Bxg4 41. Qxg4 g5
42. Qh5 Kg7 43. Nf3 Rh8 44. Nxg5 Nhxg5 45. Rxg5+ Kf8 46. Qxh8+ Nxh8 47. Rg8+
Kf7 48. R1g7+ Kf6 49. Rxe7 Rxg8 50. Re6+ 1-0

[Event "Lichtenrader Herbst"]
[Site "Berlin"]
[Date "2009.10.19"]
[Round "3.16"]
[White "Costello, Colin"]
[Black "Giemsa, Stephan"]
[Result "0-1"]
[WhiteElo "2000"]
[BlackElo "2305"]
[PlyCount "86"]
[EventDate "2009.??.??"]

1. c4 e6 2. Nf3 d5 3. b3 c5 4. g3 Nc6 5. Bg2 Nf6 6. Bb2 d4 7. Na3 e5 8. d3 Bd6
9. Nc2 O-O 10. O-O h6 11. e3 Re8 12. Re1 Rb8 13. exd4 cxd4 14. b4 b5 15. cxb5
Rxb5 16. a4 Rb8 17. b5 Na5 18. Na3 Be6 19. Nd2 Bb4 20. Rxe5 Bxd2 21. Qxd2 Nb3
22. Qe1 Nd7 23. Re2 Nxa1 24. Bxa1 Nc5 25. Bc6 Re7 26. Qb4 Nb3 27. Bb2 a5 28.
Qe1 Nc5 29. Qa1 Bh3 30. Qd1 Nxa4 31. Ba1 Nc3 32. Bxc3 dxc3 33. Nc4 Rxe2 34.
Qxe2 Qd4 35. Ne3 Re8 36. Be4 Qb4 37. f3 Be6 38. Nc2 Qxb5 39. Kf2 Qb2 40. Ke3 a4
41. f4 a3 42. f5 Bb3 43. f6 Qxc2 0-1

[Event "Lichtenrader Herbst"]
[Site "Berlin"]
[Date "2009.10.19"]
[Round "3.17"]
[White "Reichenbach, Werner"]
[Black "Sauermann, Andreas"]
[Result "1-0"]
[WhiteElo "2280"]
[BlackElo "1996"]
[PlyCount "45"]
[EventDate "2009.??.??"]

1. d4 d5 2. Nf3 c6 3. g3 f5 4. Bg2 Nf6 5. O-O e6 6. c4 Be7 7. Qc2 O-O 8. e3
Nbd7 9. cxd5 cxd5 10. Nc3 b6 11. Qa4 Bb7 12. Ng5 Qc8 13. Nxe6 Re8 14. Nf4 Bc6
15. Qb3 Kh8 16. Ncxd5 Nxd5 17. Bxd5 Nf6 18. Bxc6 Qxc6 19. f3 Rad8 20. Bd2 g5
21. Rac1 Qd7 22. Ne6 Rc8 23. Nxg5 1-0

[Event "Lichtenrader Herbst"]
[Site "Berlin"]
[Date "2009.10.19"]
[Round "3.18"]
[White "Rolle, Eric"]
[Black "Schmidt, Stefan"]
[Result "1/2-1/2"]
[WhiteElo "2265"]
[BlackElo "1989"]
[PlyCount "74"]
[EventDate "2009.??.??"]

1. d4 e6 2. c4 Nf6 3. g3 Bb4+ 4. Nd2 d5 5. Ngf3 O-O 6. a3 Bxd2+ 7. Qxd2 c6 8.
Qc2 a5 9. Bg2 b6 10. Bf4 Ne4 11. cxd5 cxd5 12. Bc7 Qe7 13. Ne5 Bb7 14. Bxb6 Rc8
15. Qa4 f6 16. Nd3 Bc6 17. Qb3 Nd7 18. Bxe4 dxe4 19. Bc5 Qf7 20. Nf4 g5 21. Ng2
Bd5 22. Qe3 Rcb8 23. Qc1 Qh5 24. b4 axb4 25. Bxb4 Rc8 26. Qb1 f5 27. O-O Nf6
28. f3 Qh3 29. Ne3 f4 30. Nxd5 exd5 31. g4 Rc6 32. Be7 Nxg4 33. fxg4 Qxg4+ 34.
Kh1 Rh6 35. Rg1 Rxh2+ 36. Kxh2 Qh5+ 37. Kg2 Qxe2+ 1/2-1/2

[Event "Lichtenrader Herbst"]
[Site "Berlin"]
[Date "2009.10.19"]
[Round "3.19"]
[White "Behrmann, Joachim"]
[Black "Christiani, Joerg"]
[Result "1-0"]
[WhiteElo "2203"]
[BlackElo "1977"]
[PlyCount "51"]
[EventDate "2009.??.??"]

1. d4 e6 2. c4 d5 3. Nc3 Be7 4. Nf3 Nf6 5. Bg5 O-O 6. e3 Nbd7 7. Rc1 c6 8. Bd3
dxc4 9. Bxc4 Nd5 10. Bxe7 Qxe7 11. O-O Nxc3 12. Rxc3 e5 13. Bb3 exd4 14. exd4
Nf6 15. Re1 Qd6 16. Ne5 Bf5 17. Nxf7 Rxf7 18. Bxf7+ Kxf7 19. Qb3+ Kf8 20. Qxb7
Rb8 21. Qxa7 Rxb2 22. Qa8+ Kf7 23. Qa7+ Kf8 24. Rxc6 Rxa2 25. Qb6 Qd5 26. Rxf6+
1-0